An Anthology of Philosophy in Persia. (Record no. 348399)

000 -LEADER
fixed length control field 00356 a2200145 4500
020 ## - INTERNATIONAL STANDARD BOOK NUMBER
International Standard Book Number 969519107X
082 ## - DEWEY DECIMAL CLASSIFICATION NUMBER
Classification number 181.5
090 ## - LOCALLY ASSIGNED LC-TYPE CALL NUMBER (OCLC); LOCAL CALL NUMBER (RLIN)
-- 6010
-- 6010
100 ## - MAIN ENTRY--PERSONAL NAME
Personal name Nasr,S.H.
245 ## - TITLE STATEMENT
Title An Anthology of Philosophy in Persia.
Statement of responsibility, etc. S.H.Nasr.
260 ## - PUBLICATION, DISTRIBUTION, ETC.
Place of publication, distribution, etc. Lahore.
Name of publisher, distributor, etc. Suhail academy.
Date of publication, distribution, etc. 2005.
300 ## - PHYSICAL DESCRIPTION
Extent 434p.
500 ## - GENERAL NOTE
General note Hardcover.
942 ## - ADDED ENTRY ELEMENTS (KOHA)
Institution code [OBSOLETE] NBS
Koha item type Book
Call number prefix 181.5 NAS
Holdings
Withdrawn status Lost status Damaged status Not for loan Permanent Location Current Location Date acquired Total Checkouts Full call number Barcode Date last seen Price effective from Koha item type Source of classification or shelving scheme
        Central Library (CL) Central Library (CL) 08/28/2013   181.5 NAS NBSD-1340 08/28/2013 08/28/2013 Book  
        Central Library (CL) Central Library (CL) 03/21/2021   181.5 NAS NBSD-1422 03/21/2021 03/21/2021 Book  
© 2023 Central Library, National University of Sciences and Technology. All Rights Reserved.